| 000 | 00743nam a22002177a 4500 | ||
|---|---|---|---|
| 999 |
_c8148 _d8148 |
||
| 003 | AR-CdUCM | ||
| 008 | 190322b ||||| |||| 00| 0 spa d | ||
| 040 |
_aMUNICIPALIDAD PROVINCIAL DEL CUSCO _cBIBLIOTECA MUNICIPAL DEL CUSCO |
||
| 041 | _hfre | ||
| 082 |
_a191.7 / _bF51 |
||
| 100 |
_aFilloux, Jean Claude _922997 |
||
| 245 | _aEl inconsciente / | ||
| 260 |
_aBarcelona : _bOikos-Tau, _c1972. |
||
| 300 |
_a122 páginas ; _c18 cm, |
||
| 440 |
_aColección ¿qué sé? _n71 _922998 |
||
| 505 | _aContenido: El inconsciente antes de Freud -- El inconsciente según Freud -- El inconsciente después de Freud. | ||
| 650 |
_aSubconsciencia _916758 |
||
| 700 |
_aGarcía Bosch, J. (traducción) _914257 |
||
| 942 |
_2ddc _cLIBROS |
||
| 945 | _aachl | ||